<?xml version="1.0" encoding="UTF-8"?>
<record
    xmlns:xsi="http://www.w3.org/2001/XMLSchema-instance"
    xsi:schemaLocation="http://www.loc.gov/MARC21/slim http://www.loc.gov/standards/marcxml/schema/MARC21slim.xsd"
    xmlns="http://www.loc.gov/MARC21/slim">

  <leader>01540nam a2200265Ia 4500</leader>
  <datafield tag="999" ind1=" " ind2=" ">
    <subfield code="c">55624</subfield>
    <subfield code="d">55624</subfield>
  </datafield>
  <controlfield tag="001">22719</controlfield>
  <controlfield tag="003">GE_BSU</controlfield>
  <controlfield tag="005">20221219170719.0</controlfield>
  <controlfield tag="008">181216s2009||||ge |||||||||||||| ||geo||</controlfield>
  <datafield tag="020" ind1=" " ind2=" ">
    <subfield code="a">9789941416040</subfield>
  </datafield>
  <datafield tag="040" ind1=" " ind2=" ">
    <subfield code="c">GE_BSU</subfield>
  </datafield>
  <datafield tag="041" ind1=" " ind2=" ">
    <subfield code="a">geo</subfield>
  </datafield>
  <datafield tag="080" ind1=" " ind2=" ">
    <subfield code="a">615.214 &#x10DD;-49</subfield>
  </datafield>
  <datafield tag="245" ind1=" " ind2=" ">
    <subfield code="a">&#x10DD;&#x10DE;&#x10D8;&#x10DD;&#x10D8;&#x10D3;&#x10E3;&#x10E0;&#x10D8; &#x10D3;&#x10D0;&#x10DB;&#x10DD;&#x10D9;&#x10D8;&#x10D3;&#x10D4;&#x10D1;&#x10E3;&#x10DA;&#x10D4;&#x10D1;&#x10D8;&#x10E1; &#x10E4;&#x10E1;&#x10D8;&#x10E5;&#x10DD;&#x10E1;&#x10DD;&#x10EA;&#x10D8;&#x10D0;&#x10DA;&#x10E3;&#x10E0; &#x10D3;&#x10D0;&#x10EE;&#x10DB;&#x10D0;&#x10E0;&#x10D4;&#x10D1;&#x10D0;&#x10E1;&#x10D7;&#x10D0;&#x10DC; &#x10D9;&#x10DD;&#x10DB;&#x10D1;&#x10D8;&#x10DC;&#x10D8;&#x10E0;&#x10D4;&#x10D1;&#x10E3;&#x10DA;&#x10D8; &#x10E4;&#x10D0;&#x10E0;&#x10DB;&#x10D0;&#x10D9;&#x10DD;&#x10DA;&#x10DD;&#x10D2;&#x10D8;&#x10E3;&#x10E0;&#x10D8; &#x10DB;&#x10D9;&#x10E3;&#x10E0;&#x10DC;&#x10D0;&#x10DA;&#x10DD;&#x10D1;&#x10D8;&#x10E1; &#x10E1;&#x10D0;&#x10EE;&#x10D4;&#x10DA;&#x10DB;&#x10EB;&#x10E6;&#x10D5;&#x10D0;&#x10DC;&#x10D4;&#x10DA;&#x10DD; /</subfield>
    <subfield code="c">[&#x10D7;&#x10D0;&#x10E0;&#x10D2;&#x10DB;. &#x10D7;&#x10D0;&#x10DB;&#x10D0;&#x10E0; &#x10D0;&#x10EE;&#x10D5;&#x10DA;&#x10D4;&#x10D3;&#x10D8;&#x10D0;&#x10DC;&#x10D8; ; &#x10E5;&#x10D0;&#x10E0;&#x10D7;. &#x10D2;&#x10D0;&#x10DB;&#x10DD;&#x10EA;. &#x10E0;&#x10D4;&#x10D3;. &#x10EE;&#x10D0;&#x10D7;&#x10E3;&#x10DC;&#x10D0; &#x10D7;&#x10DD;&#x10D3;&#x10D0;&#x10EB;&#x10D4;] ; &#x10E1;&#x10D0;&#x10E5;. &#x10DC;&#x10D0;&#x10E0;&#x10D9;&#x10DD;&#x10DA;&#x10DD;&#x10D2;&#x10D8;&#x10D8;&#x10E1; &#x10E1;/&#x10D9; &#x10D8;&#x10DC;-&#x10E2;&#x10D8;, &#x10EF;&#x10D0;&#x10DC;&#x10D3;&#x10D0;&#x10EA;&#x10D5;&#x10D8;&#x10E1; &#x10DB;&#x10E1;&#x10DD;&#x10E4;&#x10DA;&#x10D8;&#x10DD; &#x10DD;&#x10E0;&#x10D2;&#x10D0;&#x10DC;&#x10D8;&#x10D6;&#x10D0;&#x10EA;&#x10D8;&#x10D0;.</subfield>
  </datafield>
  <datafield tag="250" ind1=" " ind2=" ">
    <subfield code="a">I-&#x10DA;&#x10D8; &#x10E5;&#x10D0;&#x10E0;&#x10D7;. &#x10D2;&#x10D0;&#x10DB;&#x10DD;&#x10EA;&#x10D4;&#x10DB;&#x10D0; </subfield>
  </datafield>
  <datafield tag="264" ind1=" " ind2=" ">
    <subfield code="a">&#x10D7;&#x10D1;&#x10D8;&#x10DA;&#x10D8;&#x10E1;&#x10D8; :</subfield>
    <subfield code="b">&#x10DC;&#x10D4;&#x10D9;&#x10D4;&#x10E0;&#x10D8;,</subfield>
    <subfield code="c">2009.</subfield>
  </datafield>
  <datafield tag="300" ind1=" " ind2=" ">
    <subfield code="a">120 &#x10D2;&#x10D5;; </subfield>
    <subfield code="b">29 &#x10E1;&#x10DB;.</subfield>
  </datafield>
  <datafield tag="504" ind1=" " ind2=" ">
    <subfield code="a">&#x10D1;&#x10D8;&#x10D1;&#x10DA;&#x10D8;&#x10DD;&#x10D2;&#x10E0;.: &#x10D2;&#x10D5;. 105-120.</subfield>
  </datafield>
  <datafield tag="541" ind1=" " ind2=" ">
    <subfield code="h">5&#x10DA;.</subfield>
  </datafield>
  <datafield tag="653" ind1=" " ind2=" ">
    <subfield code="a">&#x10DB;&#x10D4;&#x10D3;&#x10D8;&#x10EA;&#x10D8;&#x10DC;&#x10D0;</subfield>
  </datafield>
  <datafield tag="653" ind1=" " ind2=" ">
    <subfield code="a">&#x10E4;&#x10E1;&#x10D8;&#x10E5;&#x10DD;&#x10E4;&#x10D0;&#x10E0;&#x10DB;&#x10D0;&#x10D9;&#x10DD;&#x10DA;&#x10DD;&#x10D2;&#x10D8;&#x10E3;&#x10E0;&#x10D8; &#x10E1;&#x10D0;&#x10E8;&#x10E3;&#x10D0;&#x10DA;&#x10D4;&#x10D1;&#x10D4;&#x10D1;&#x10D8;.  </subfield>
  </datafield>
  <datafield tag="700" ind1=" " ind2=" ">
    <subfield code="a">&#x10D0;&#x10EE;&#x10D5;&#x10DA;&#x10D4;&#x10D3;&#x10D8;&#x10D0;&#x10DC;&#x10D8;, &#x10D7;&#x10D0;&#x10DB;&#x10D0;&#x10E0;</subfield>
    <subfield code="e">&#x10DB;&#x10D7;&#x10D0;&#x10E0;&#x10D2;&#x10DB;&#x10DC;&#x10D4;&#x10DA;&#x10D8;</subfield>
    <subfield code="9">16506</subfield>
  </datafield>
  <datafield tag="700" ind1=" " ind2=" ">
    <subfield code="a">&#x10D7;&#x10DD;&#x10D3;&#x10D0;&#x10EB;&#x10D4;, &#x10EE;&#x10D0;&#x10D7;&#x10E3;&#x10DC;&#x10D0;</subfield>
    <subfield code="e">&#x10E0;&#x10D4;&#x10D3;&#x10D0;&#x10E5;&#x10E2;&#x10DD;&#x10E0;&#x10D8;</subfield>
    <subfield code="9">16507</subfield>
  </datafield>
  <datafield tag="942" ind1=" " ind2=" ">
    <subfield code="c">BK</subfield>
    <subfield code="2">udc</subfield>
  </datafield>
  <datafield tag="952" ind1=" " ind2=" ">
    <subfield code="0">0</subfield>
    <subfield code="1">0</subfield>
    <subfield code="2">udc</subfield>
    <subfield code="4">0</subfield>
    <subfield code="6">615214_&#x10DD;49</subfield>
    <subfield code="7">0</subfield>
    <subfield code="9">81057</subfield>
    <subfield code="a">CPL</subfield>
    <subfield code="b">CPL</subfield>
    <subfield code="c">GEN</subfield>
    <subfield code="d">2018-12-17</subfield>
    <subfield code="g">5.00</subfield>
    <subfield code="o">615.214 &#x10DD;-49</subfield>
    <subfield code="p">58158</subfield>
    <subfield code="r">2018-12-17</subfield>
    <subfield code="t">58158</subfield>
    <subfield code="w">2018-12-17</subfield>
    <subfield code="y">BK</subfield>
    <subfield code="z">5 &#x10DA;.</subfield>
  </datafield>
  <datafield tag="952" ind1=" " ind2=" ">
    <subfield code="0">0</subfield>
    <subfield code="1">0</subfield>
    <subfield code="2">udc</subfield>
    <subfield code="4">0</subfield>
    <subfield code="6">615214_&#x10DD;49</subfield>
    <subfield code="7">0</subfield>
    <subfield code="9">81058</subfield>
    <subfield code="a">CPL</subfield>
    <subfield code="b">CPL</subfield>
    <subfield code="c">GEN</subfield>
    <subfield code="d">2018-12-17</subfield>
    <subfield code="g">5.00</subfield>
    <subfield code="o">615.214 &#x10DD;-49</subfield>
    <subfield code="p">58159</subfield>
    <subfield code="r">2018-12-17</subfield>
    <subfield code="t">58159</subfield>
    <subfield code="w">2018-12-17</subfield>
    <subfield code="y">BK</subfield>
    <subfield code="z">5 &#x10DA;.</subfield>
  </datafield>
  <datafield tag="952" ind1=" " ind2=" ">
    <subfield code="0">0</subfield>
    <subfield code="1">0</subfield>
    <subfield code="2">udc</subfield>
    <subfield code="4">0</subfield>
    <subfield code="6">615214_&#x10DD;49</subfield>
    <subfield code="7">0</subfield>
    <subfield code="9">81059</subfield>
    <subfield code="a">CPL</subfield>
    <subfield code="b">CPL</subfield>
    <subfield code="c">GEN</subfield>
    <subfield code="d">2018-12-17</subfield>
    <subfield code="g">5.00</subfield>
    <subfield code="o">615.214 &#x10DD;-49</subfield>
    <subfield code="p">58160</subfield>
    <subfield code="r">2018-12-17</subfield>
    <subfield code="t">58160</subfield>
    <subfield code="w">2018-12-17</subfield>
    <subfield code="y">BK</subfield>
    <subfield code="z">5 &#x10DA;.</subfield>
  </datafield>
  <datafield tag="952" ind1=" " ind2=" ">
    <subfield code="0">0</subfield>
    <subfield code="1">0</subfield>
    <subfield code="2">udc</subfield>
    <subfield code="4">0</subfield>
    <subfield code="6">615214_&#x10DD;49</subfield>
    <subfield code="7">0</subfield>
    <subfield code="9">81060</subfield>
    <subfield code="a">CPL</subfield>
    <subfield code="b">CPL</subfield>
    <subfield code="c">GEN</subfield>
    <subfield code="d">2018-12-17</subfield>
    <subfield code="g">5.00</subfield>
    <subfield code="o">615.214 &#x10DD;-49</subfield>
    <subfield code="p">58161</subfield>
    <subfield code="r">2018-12-17</subfield>
    <subfield code="t">58161</subfield>
    <subfield code="w">2018-12-17</subfield>
    <subfield code="y">BK</subfield>
    <subfield code="z">5 &#x10DA;.</subfield>
  </datafield>
  <datafield tag="952" ind1=" " ind2=" ">
    <subfield code="0">0</subfield>
    <subfield code="1">0</subfield>
    <subfield code="2">udc</subfield>
    <subfield code="4">0</subfield>
    <subfield code="6">615214_&#x10DD;49</subfield>
    <subfield code="7">0</subfield>
    <subfield code="9">81061</subfield>
    <subfield code="a">CPL</subfield>
    <subfield code="b">CPL</subfield>
    <subfield code="c">GEN</subfield>
    <subfield code="d">2018-12-17</subfield>
    <subfield code="g">5.00</subfield>
    <subfield code="o">615.214 &#x10DD;-49</subfield>
    <subfield code="p">58162</subfield>
    <subfield code="r">2018-12-17</subfield>
    <subfield code="t">58162</subfield>
    <subfield code="w">2018-12-17</subfield>
    <subfield code="y">BK</subfield>
    <subfield code="z">5 &#x10DA;.</subfield>
  </datafield>
</record>
